000 01373nam0a2200337 i 4500
001 RU\NLR\BIBL_A\010416414
005 20241105180303.0
010 _a9785904881054
_9500
021 _aRU
_b2014-1880и
_9149и
035 _a(NILC)RuMoRGB-007515999
035 _a(NLR Aleph) 010416414
090 _a9792285
_c9792285
100 _a20140716d2011 um y0rusy50 ca
101 0 _arus
_aeng
102 _aRU
105 _aac||z||||00yd
200 1 _aСветлана Атаханова
_dSvetlana Atakhanova
_e[художественный альбом
_fтекст: Млада Хомутова, Лариса Нестеренко, худож.]
_zeng
210 _aМосква
_cПринт-Ателье
_d2011
215 _a51 с.
_cцв. ил., портр.
_d23
300 _aЧасть текста парал. на рус. и англ. яз.
510 1 _6zII790
_aSvetlana Atakhanova
_zeng
600 1 _aАтаханова
_bС.В.
_f1961
_gСветлана Владимировна
_jАльбомы
_92195207
_3RU\NLR\AUTH\6601554795
686 1 _aЩ153(2Р=Рус)7-8Атаханова я61
700 1 _aАтаханова
_bС.
_f1961-
_gСветлана
790 1 _6zII510
_aAtachanova
_bS.
_f1961-
_gSvetlana
801 0 _aRU
_bРГБ
_c20140704
_gRCR
942 _cBOOK
980 _aNBR